Structural Analysis / (Record no. 1553)

MARC details
000 -LEADER
fixed length control field 00947nam a22002775a 4500
006 - FIXED-LENGTH DATA ELEMENTS--ADDITIONAL MATERIAL CHARACTERISTICS--GENERAL INFORMATION
fixed length control field a||||fr|||| 00| 0
008 - FIXED-LENGTH DATA ELEMENTS--GENERAL INFORMATION
fixed length control field 081027t2006 njua|||frb||| 001 0 eng d
010 ## - LIBRARY OF CONGRESS CONTROL NUMBER
LC control number 2005283592
020 ## - INTERNATIONAL STANDARD BOOK NUMBER
International Standard Book Number 9780131976412
020 ## - INTERNATIONAL STANDARD BOOK NUMBER
International Standard Book Number 0131976419
082 04 - DEWEY DECIMAL CLASSIFICATION NUMBER
Classification number 624.171
Item number HIB
Edition number 22
100 1# - MAIN ENTRY--PERSONAL NAME
Personal name Hibbeler, R. C.
9 (RLIN) 2950
245 10 - TITLE STATEMENT
Title Structural Analysis /
Statement of responsibility, etc R.C. Hibbeler.
250 ## - EDITION STATEMENT
Edition statement 6th ed.
Remainder of edition statement SI units
260 ## - PUBLICATION, DISTRIBUTION, ETC. (IMPRINT)
Place of publication, distribution, etc Upper Saddle River, N.J. :
Name of publisher, distributor, etc Pearson/Prentice Hall,
Date of publication, distribution, etc c. 2006.
300 ## - PHYSICAL DESCRIPTION
Extent xiv, 640 p. :
Other physical details ill. ;
Dimensions 25 cm.
500 ## - GENERAL NOTE
General note Index : p. 638-644.
500 ## - GENERAL NOTE
General note Appendix : p. 602-619.
500 ## - GENERAL NOTE
General note Answer to selected problems : p. 620-637.
590 ## - LOCAL NOTE (RLIN)
Local note Menna ELemam
650 #0 - SUBJECT ADDED ENTRY--TOPICAL TERM
Topical term or geographic name as entry element Structural analysis (Engineering)
9 (RLIN) 2951
Source of heading or term BUEsh
651 ## - SUBJECT ADDED ENTRY--GEOGRAPHIC NAME
Source of heading or term BUEsh
653 ## - INDEX TERM--UNCONTROLLED
Resource For college Engineering, Electrical
Arrived date list August2015
655 ## - INDEX TERM--GENRE/FORM
Genre/form data or focus term Structural Analysis and Mechanics (1)- Year 1
Form subdivision
General subdivision Engineering
Chronological subdivision Semester 2. 2008/2009
942 ## - ADDED ENTRY ELEMENTS (KOHA)
Item type Book - Borrowing
Call number prefix 624.171 HIB
Source of classification or shelving scheme Dewey Decimal Classification
Holdings
Withdrawn status Item status Source of classification or shelving scheme Damaged status Not for loan Vendor Home library Current library Shelving location Date acquired Source of acquisition Total Checkouts Total Renewals Full call number Barcode Date last seen Date last borrowed Koha item type Materials specified (bound volume or other part)
    Dewey Decimal Classification       Central Library Central Library First floor 07/09/2010   37 72 624.171 HIB 000002800 15/07/2025 19/03/2015 Book - Borrowing  
    Dewey Decimal Classification       Central Library Central Library First floor 05/11/2006 Purchase 29 53 624.171 HIB 000001678 15/07/2025 26/10/2019 Book - Borrowing  
    Dewey Decimal Classification       Central Library Central Library First floor 05/11/2006 Purchase 35 112 624.171 HIB 000001677 15/07/2025 31/03/2021 Book - Borrowing  
    Dewey Decimal Classification       Central Library Central Library First floor 31/03/2009   2 2 624.171 HIB 000015502 24/08/2022 04/11/2015 CD | DVD - With book  
  Lost Dewey Decimal Classification       Central Library Central Library First floor 09/05/2010   1 3 624.171 HIB 000006854 15/02/2015 08/12/2013 CD | DVD - With book Lost In Inventory_2015-8-23
  Lost Dewey Decimal Classification       Central Library Central Library First floor 11/11/2010       624.171 HIB 000006855 11/11/2010   CD | DVD - With book Lost In Inventory_2015-8-23